[Event "EU-chT (Men) 08th"]
[Site "Plovdiv"]
[Date "1983.??.??"]
[Round "7.2"]
[White "Hansen, Curt"]
[Black "Sosonko, Gennadi"]
[Result "1/2-1/2"]
[WhiteElo "2450"]
[BlackElo "2585"]
[PlyCount "99"]
[EventDate "1983.06.23"]
[EventType "team-tourn"]
[EventRounds "7"]
[EventCountry "BUL"]
[SourceTitle "EU-chT"]
[Source "ChessBase"]
[SourceDate "1999.07.01"]
[SourceVersion "2"]
[SourceVersionDate "1999.07.01"]
[SourceQuality "1"]
[WhiteTeam "Denmark"]
[BlackTeam "Netherlands"]
[WhiteTeamCountry "DEN"]
[BlackTeamCountry "NED"]

1. c4 e5 2. Nc3 Nf6 3. Nf3 Nc6 4. g3 d5 5. cxd5 Nxd5 6. d3 Be7 7. Bg2 Be6 8.
O-O O-O 9. Bd2 Qd7 10. Nxd5 Bxd5 11. b4 f6 12. b5 Nd4 13. Nxd4 exd4 14. Bxd5+
Qxd5 15. Qb3 Qxb3 16. axb3 Rfe8 17. Bf4 Bb4 18. Ra2 c6 19. bxc6 bxc6 20. Rc1
Re6 21. Kf1 a5 22. Bd2 Bxd2 23. Rxd2 Rb8 24. Rdc2 Rxb3 25. Rxc6 Rxc6 26. Rxc6
Rb4 27. Ra6 a4 28. g4 Kf7 29. h4 Kg6 30. Ra5 Rb1+ 31. Kg2 Ra1 32. h5+ Kh6 33.
f4 a3 34. Ra6 a2 35. Kf2 g6 36. hxg6 hxg6 37. Kg2 Kg7 38. Kf2 Kf7 39. Kg2 Ke7
40. Kf2 Kd7 41. Kg2 Kc7 42. Kf2 Kb7 43. Ra4 Kc6 44. Ra8 Kc5 45. Ra5+ Kb4 46.
Ra8 g5 47. fxg5 fxg5 48. Ra7 Kc5 49. Ra5+ Kd6 50. Kg2 1/2-1/2

[Event "EU-chT (Men) 08th"]
[Site "Plovdiv"]
[Date "1983.??.??"]
[Round "7.3"]
[White "Van der Wiel, John"]
[Black "Fedder, Steen"]
[Result "1-0"]
[WhiteElo "2530"]
[BlackElo "2440"]
[PlyCount "59"]
[EventDate "1983.06.23"]
[EventType "team-tourn"]
[EventRounds "7"]
[EventCountry "BUL"]
[SourceTitle "EU-chT"]
[Source "ChessBase"]
[SourceDate "1999.07.01"]
[SourceVersion "2"]
[SourceVersionDate "1999.07.01"]
[SourceQuality "1"]
[WhiteTeam "Netherlands"]
[BlackTeam "Denmark"]
[WhiteTeamCountry "NED"]
[BlackTeamCountry "DEN"]

1. e4 c5 2. Nf3 d6 3. d4 cxd4 4. Nxd4 Nf6 5. Nc3 a6 6. Bg5 e6 7. f4 Qb6 8. Qd2
Qxb2 9. Rb1 Qa3 10. Be2 Be7 11. O-O Nc6 12. Nxc6 bxc6 13. e5 dxe5 14. fxe5 Qc5+
15. Kh1 Qxe5 16. Bf4 Qa5 17. Bf3 Bd7 18. Rb7 Qd8 19. Na4 O-O 20. Nb6 e5 21. Bg5
Bc8 22. Rxe7 Qxb6 23. Bxf6 gxf6 24. Qh6 Qd8 25. Be4 f5 26. Qg5+ Kh8 27. Qf6+
Kg8 28. Bxf5 Bxf5 29. Rxf5 Qd1+ 30. Rf1 1-0

[Event "EU-chT (Men) 08th"]
[Site "Plovdiv"]
[Date "1983.??.??"]
[Round "7.5"]
[White "Van der Sterren, Paul"]
[Black "Kristiansen, Jens"]
[Result "0-1"]
[WhiteElo "2460"]
[BlackElo "2445"]
[PlyCount "86"]
[EventDate "1983.06.23"]
[EventType "team-tourn"]
[EventRounds "7"]
[EventCountry "BUL"]
[SourceTitle "EU-chT"]
[Source "ChessBase"]
[SourceDate "1999.07.01"]
[SourceVersion "2"]
[SourceVersionDate "1999.07.01"]
[SourceQuality "1"]
[WhiteTeam "Netherlands"]
[BlackTeam "Denmark"]
[WhiteTeamCountry "NED"]
[BlackTeamCountry "DEN"]

1. e4 c5 2. Nf3 Nc6 3. d4 cxd4 4. Nxd4 Nf6 5. Nc3 d6 6. Bg5 Bd7 7. Qd2 Rc8 8.
O-O-O Nxd4 9. Qxd4 Qa5 10. f4 Rxc3 11. bxc3 e5 12. Qb4 Qxb4 13. cxb4 Nxe4 14.
Bh4 g5 15. fxg5 Be7 16. Be1 Bxg5+ 17. Kb2 Ke7 18. Bd3 Nf6 19. c4 Ng4 20. Bd2 h6
21. Bxg5+ hxg5 22. Rd2 f5 23. h3 Ne3 24. Re2 f4 25. Rxe3 fxe3 26. Re1 g4 27.
Rxe3 gxh3 28. gxh3 Rxh3 29. Rxh3 Bxh3 30. Be4 Be6 31. Bxb7 Bxc4 32. a4 d5 33.
Kc3 Kd6 34. Bc8 Bf1 35. Bb7 d4+ 36. Kd2 Bc4 37. Bf3 Bd5 38. Be2 e4 39. a5 Bb3
40. Bf1 Kd5 41. Bg2 Bc4 42. Kc2 Bd3+ 43. Kb3 Ke5 0-1

[Event "EU-chT (Men) 08th"]
[Site "Plovdiv"]
[Date "1983.??.??"]
[Round "7.6"]
[White "Ost Hansen, Jacob"]
[Black "Ligterink, Gert"]
[Result "1/2-1/2"]
[WhiteElo "2415"]
[BlackElo "2440"]
[PlyCount "60"]
[EventDate "1983.06.23"]
[EventType "team-tourn"]
[EventRounds "7"]
[EventCountry "BUL"]
[SourceTitle "EU-chT"]
[Source "ChessBase"]
[SourceDate "1999.07.01"]
[SourceVersion "2"]
[SourceVersionDate "1999.07.01"]
[SourceQuality "1"]
[WhiteTeam "Denmark"]
[BlackTeam "Netherlands"]
[WhiteTeamCountry "DEN"]
[BlackTeamCountry "NED"]

1. g3 e5 2. c4 Nf6 3. Bg2 d5 4. cxd5 Nxd5 5. Nc3 Nb6 6. Nf3 Nc6 7. O-O Be7 8.
d3 O-O 9. a3 Be6 10. b4 a5 11. b5 Nd4 12. Be3 Nd5 13. Bxd4 exd4 14. Na4 Bf6 15.
Qc2 Qd7 16. Nc5 Qxb5 17. Nxe6 fxe6 18. Rfb1 Qa6 19. Nd2 c6 20. Ne4 Nc3 21. Nxc3
dxc3 22. e3 Rad8 23. Be4 h6 24. Ra2 b5 25. Qb3 Rd6 26. d4 Rc8 27. Qxc3 c5 28.
Qb3 cxd4 29. Qxb5 Qxb5 30. Rxb5 dxe3 1/2-1/2

[Event "EU-chT (Men) 08th"]
[Site "Plovdiv"]
[Date "1983.??.??"]
[Round "7.7"]
[White "Langeweg, Kick"]
[Black "Brinck Claussen, Bjorn"]
[Result "0-1"]
[WhiteElo "2395"]
[BlackElo "2380"]
[PlyCount "64"]
[EventDate "1983.06.23"]
[EventType "team-tourn"]
[EventRounds "7"]
[EventCountry "BUL"]
[SourceTitle "EU-chT"]
[Source "ChessBase"]
[SourceDate "1999.07.01"]
[SourceVersion "2"]
[SourceVersionDate "1999.07.01"]
[SourceQuality "1"]
[WhiteTeam "Netherlands"]
[BlackTeam "Denmark"]
[WhiteTeamCountry "NED"]
[BlackTeamCountry "DEN"]

1. d4 Nf6 2. Nf3 g6 3. c4 Bg7 4. Nc3 d5 5. cxd5 Nxd5 6. e4 Nxc3 7. bxc3 O-O 8.
Be2 c5 9. O-O Bg4 10. Rb1 cxd4 11. cxd4 Bxf3 12. Bxf3 Bxd4 13. Rxb7 Nc6 14. Qa4
Rc8 15. Bh6 Re8 16. Be2 Qd6 17. Rd1 Qf6 18. Bb5 Bxf2+ 19. Kh1 Red8 20. Rf1 Ne5
21. Bd7 Nxd7 22. Rxd7 Qh4 23. Qd1 Bb6 24. Bf4 Rxd7 25. Qxd7 Rd8 26. Qb5 Qg4 27.
h3 Qe6 28. Qa4 h5 29. Bg5 f6 30. Bf4 Kf7 31. Rc1 Rd4 32. Qa6 Rxe4 0-1

[Event "EU-chT (Men) 08th"]
[Site "Plovdiv"]
[Date "1983.??.??"]
[Round "7.8"]
[White "Fries Nielsen, Jens Ove"]
[Black "Bohm, Hans"]
[Result "0-1"]
[WhiteElo "2440"]
[BlackElo "2380"]
[PlyCount "80"]
[EventDate "1983.06.23"]
[EventType "team-tourn"]
[EventRounds "7"]
[EventCountry "BUL"]
[SourceTitle "EU-chT"]
[Source "ChessBase"]
[SourceDate "1999.07.01"]
[SourceVersion "2"]
[SourceVersionDate "1999.07.01"]
[SourceQuality "1"]
[WhiteTeam "Denmark"]
[BlackTeam "Netherlands"]
[WhiteTeamCountry "DEN"]
[BlackTeamCountry "NED"]

1. e4 e6 2. d4 d5 3. Nd2 Nf6 4. e5 Nfd7 5. Bd3 c5 6. c3 Nc6 7. Ne2 a5 8. O-O a4
9. a3 Nb6 10. f4 g6 11. Kh1 cxd4 12. cxd4 h5 13. Nf3 Bd7 14. Qc2 Rc8 15. Nc3
Ne7 16. Nh4 Nf5 17. Nxf5 gxf5 18. Qd1 h4 19. Rf3 Be7 20. Rh3 Bc6 21. Bc2 Ra8
22. g4 fxg4 23. Qxg4 Kd7 24. f5 Qg8 25. Qf3 Nc4 26. Rb1 Kc7 27. Bf4 Qh7 28. Bd3
Qh5 29. Qxh5 Rxh5 30. f6 Bf8 31. Kg1 Ra6 32. Kf2 Rb6 33. Be2 Rf5 34. Rxh4 Nxb2
35. Kg3 Rb3 36. Rc1 Bxa3 37. Rh7 Be8 38. Kg4 Rxf4+ 39. Kxf4 Nd3+ 40. Kg4 Bxc1
0-1